000 00613nam a2200205 i 4500
001 141702
003 ES-MaACL
005 20250808062537.0
007 t|
008 070926s1960 sp ||||1| spa d
100 1 _aVries, P. W. de.
_9115765
245 1 3 _aLa iglesia y el estado en la Unión Soviética /
_cP. W. de Vries ; traducido del alemán por J. G. Mariscal.
260 _aSan Sebastián :
_bDinor,
_c1960.
300 _a222 p. ;
_c19 cm.
490 1 _aPrisma
700 1 _aMariscal, J. G.
_976886
830 0 0 _aPrisma
_9180749
852 _aES-MaACL
_jC-18309
_bR.46309
999 _c141702
_d141702